Psicologia social
Gorde:
| Egile nagusia: | |
|---|---|
| Formatua: | Liburua |
| Hizkuntza: | gaztelania |
| Argitaratua: |
Buenos Aires
Eudeba
1972
|
| Edizioa: | 6a. ed |
| Saila: | Biblioteca del universitario. Manuales Sociología
|
| Gaiak: | |
| Etiketak: |
Etiketa erantsi
Etiketarik gabe, Izan zaitez lehena erregistro honi etiketa jartzen!
|
MARC
| LEADER | 00000nam a2200000 a 4500 | ||
|---|---|---|---|
| 001 | UCY4486 | ||
| 003 | CL-VaPUC | ||
| 008 | 950314e19720000AG |||||||||||||||||spa|d | ||
| 082 | 0 | 4 | |a 302 |b ASC |2 21 |
| 100 | 0 | |a Asch, Solomon E |e author |9 332963 | |
| 245 | 1 | 0 | |a Psicologia social |
| 250 | |a 6a. ed | ||
| 300 | |a 647 p | ||
| 942 | |c BK | ||
| 945 | |d 19950314 00:00:00 |a rbrito | ||
| 260 | |a Buenos Aires |b Eudeba |c 1972 | ||
| 650 | 0 | |a Psicología social |9 222894 | |
| 583 | |a last modification |c 19950314 00:00:00 |k Rodrigo Vera | ||
| 490 | 0 | |a Biblioteca del universitario. Manuales Sociología | |
| 999 | |c 232335 |d 232333 | ||
| 952 | |0 0 |1 0 |4 0 |6 302_000000000000000_ASC_1972 |7 0 |8 P |9 236508 |a BIBEDU |b BIBEDU |c BIBEDU_PB |d 2019-11-15 |i 1517066 |o 302 ASC 1972 |p 1517066 |r 2024-01-25 |w 2019-11-15 |y BK |k EDU | ||
| 952 | |0 0 |1 0 |4 0 |6 302_000000000000000_ASC_1972 |7 0 |8 A |9 236509 |a BIBGIM |b BIBGIM |d 2019-11-15 |i 3379787 |o 302 ASC 1972 |p 3379787 |r 2025-01-15 |w 2019-11-15 |y BK |k GIM | ||
| 952 | |0 0 |1 0 |4 0 |6 302_000000000000000_ASC_1972 |7 0 |8 A |9 236510 |a BIBGIM |b BIBGIM |d 2019-11-15 |i 3379795 |o 302 ASC 1972 |p 3379795 |r 2025-01-15 |w 2019-11-15 |y BK |k GIM | ||